[Event "Perez op"]
[Site "Perez"]
[Date "2024.02.22"]
[Round "1"]
[White "Lopez, Hector"]
[Black "Acosta, Pablo Ismael"]
[Result "0-1"]
[WhiteElo "1597"]
[BlackElo "2479"]
[PlyCount "48"]
[EventDate "2024.02.22"]
[EventType "swiss"]
[EventRounds "7"]
[EventCountry "ARG"]
[SourceTitle "EXT 2025"]
[Source "ChessBase"]
[SourceDate "2024.10.14"]
[SourceVersion "1"]
[SourceVersionDate "2024.10.14"]
[SourceQuality "1"]

1. d4 Nf6 2. c4 g6 3. Nc3 Bg7 4. e4 d6 5. Be3 0-0 6. f3 Nbd7 7. Qd2 e5 8. d5 a5 9. Bh6 Nxe4 10. Nxe4 Qh4+ 11. g3 Qxh6 12. Qxh6 Bxh6 13. h4 f5 14. Ng5 Nc5 15. N1h3 f4 16. g4 e4 17. Be2 exf3 18. Bxf3 Nd3+ 19. Kd2 Ne5 20. Rhg1 Bxg5 21. Nxg5 h6 22. Be4 hxg5 23. hxg5 Bxg4 24. Bxg6 Nf3+ 0-1

[Event "Parana Dos Orillas op"]
[Site "Parana"]
[Date "2022.10.01"]
[Round "4"]
[White "Lopez, Hector"]
[Black "Ortiz, Jorge Daniel"]
[Result "0-1"]
[WhiteElo "1639"]
[BlackElo "1832"]
[PlyCount "72"]
[EventDate "2022.09.30"]
[EventType "swiss"]
[EventRounds "6"]
[EventCountry "ARG"]
[SourceTitle "EXT 2023"]
[Source "ChessBase"]
[SourceDate "2022.10.05"]
[SourceVersion "1"]
[SourceVersionDate "2022.10.05"]
[SourceQuality "1"]

1. d4 Nf6 2. Bf4 d5 3. e3 e6 4. Nf3 c5 5. c3 Nc6 6. Bd3 Qb6 7. Qc2 Bd7 8. Nbd2 Rc8 9. 0-0 cxd4 10. Nxd4 Nb4 11. Qb1 Nxd3 12. Qxd3 Nh5 13. Rab1 Nxf4 14. exf4 Bd6 15. g3 0-0 16. N2f3 f6 17. Rfe1 Rce8 18. Kg2 Kh8 19. h4 e5 20. fxe5 fxe5 21. Ng5 g6 22. h5 exd4 23. Rxe8 Bxe8 24. cxd4 Be7 25. Nf3 Qf6 26. Re1 gxh5 27. Qe3 Bd6 28. Ne5 Bxe5 29. dxe5 Qb6 30. Qd2 Bg6 31. f3 Qe6 32. Qb4 Rc8 33. Qxb7 Rc2+ 34. Kg1 Qh3 35. Qb8+ Kg7 36. Qb7+ Bf7 0-1

[Event "La Pampa op"]
[Site "La Pampa"]
[Date "2022.03.05"]
[Round "3"]
[White "Laborde, Jeremias Emanuel"]
[Black "Lopez, Hector"]
[Result "1-0"]
[WhiteElo "1461"]
[BlackElo "1670"]
[PlyCount "35"]
[EventDate "2022.03.04"]
[EventType "swiss"]
[EventRounds "7"]
[EventCountry "ARG"]
[SourceTitle "CBM 207 Extra"]
[Source "ChessBase"]
[SourceDate "2022.05.31"]
[SourceVersion "1"]
[SourceVersionDate "2022.05.31"]
[SourceQuality "1"]

1. e4 c5 2. Nf3 Nc6 3. d4 cxd4 4. Nxd4 Nf6 5. Nc3 g6 6. Bg5 Bg7 7. Qd2 0-0 8. 0-0-0 Qb6 9. Be3 Qa5 10. Nb3 Qd8 11. Bh6 d6 12. Bxg7 Kxg7 13. f3 Be6 14. Nd5 Nd7 15. h4 h5 16. Be2 Nde5 17. Nd4 Rc8 18. Qg5 1-0

[Event "ARG-ch Amateur U1700"]
[Site "Suipacha"]
[Date "2019.11.16"]
[Round "3.1"]
[White "Lopez, Hector"]
[Black "Vivas, Lionel"]
[Result "1-0"]
[WhiteElo "1693"]
[BlackElo "1605"]
[PlyCount "85"]
[EventDate "2019.11.15"]
[EventType "swiss"]
[EventRounds "8"]
[EventCountry "ARG"]
[SourceTitle "EXT 2024"]
[Source "ChessBase"]
[SourceDate "2023.10.10"]
[SourceVersion "1"]
[SourceVersionDate "2023.10.10"]
[SourceQuality "1"]

1. d4 Nf6 2. c4 e6 3. Nf3 b6 4. Bg5 h6 5. Bh4 Bb4+ 6. Nbd2 Bb7 7. a3 Be7 8. e3 Ne4 9. Bxe7 Qxe7 10. Be2 0-0 11. 0-0 d6 12. Qc2 f5 13. Rac1 Nd7 14. d5 Ndf6 15. Nxe4 Nxe4 16. Rfd1 e5 17. Bd3 Nxf2 18. Qxf2 e4 19. Be2 exf3 20. Bxf3 Rae8 21. Re1 Qg5 22. Rc3 Re5 23. g3 Bc8 24. Rd3 Bd7 25. Rd4 Rfe8 26. h4 Qg6 27. Rf4 R8e7 28. Bg2 Qe8 29. Rf3 h5 30. Qe2 Qg6 31. Kf2 Qe8 32. Rf4 a5 33. Qd3 g6 34. b3 Bc8 35. b4 Qa4 36. b5 Bd7 37. Bf3 Re4 38. Bd1 Qxc4 39. Qxc4 Rxc4 40. Rxc4 Bxb5 41. Rc3 Kf7 42. Bf3 Ke8 43. e4 1-0

[Event "ARG-ch Amateur U1700"]
[Site "Suipacha"]
[Date "2019.11.15"]
[Round "1.2"]
[White "Lopez, Hector"]
[Black "Aramayo, Tomas"]
[Result "1-0"]
[WhiteElo "1693"]
[BlackElo "1507"]
[PlyCount "59"]
[EventDate "2019.11.15"]
[EventType "swiss"]
[EventRounds "8"]
[EventCountry "ARG"]
[SourceTitle "EXT 2024"]
[Source "ChessBase"]
[SourceDate "2023.10.10"]
[SourceVersion "1"]
[SourceVersionDate "2023.10.10"]
[SourceQuality "1"]

1. d4 Nf6 2. c4 g6 3. Nc3 Bg7 4. e4 d6 5. Bd3 0-0 6. Nge2 c5 7. d5 e6 8. f3 Na6 9. Be3 Nc7 10. g4 a6 11. h4 Rb8 12. h5 exd5 13. exd5 b5 14. Qd2 Re8 15. hxg6 hxg6 16. Bh6 Bh8 17. Bg5 Bg7 18. 0-0-0 bxc4 19. Bxc4 Nb5 20. Qf4 Nxc3 21. Nxc3 Bd7 22. Rd2 Rb4 23. b3 Rb6 24. Ne4 Rxe4 25. fxe4 Qe7 26. Rf2 Qxe4 27. Bxf6 Qxh1+ 28. Rf1 Bh6 29. Rxh1 Bxf4+ 30. Kc2 1-0

[Event "SD-2019-0-00302"]
[Site "LSS email"]
[Date "2019.07.30"]
[Round "?"]
[White "Lopez, Hector"]
[Black "Rost, Bernd"]
[Result "0-1"]
[WhiteElo "1389"]
[BlackElo "1694"]
[PlyCount "46"]
[EventDate "2019.01.21"]
[EventType "tourn (corr)"]
[EventRounds "6"]
[EventCountry "GER"]
[SourceTitle "Corr 2022"]
[Source "ChessBase"]
[SourceDate "2021.10.24"]
[SourceVersion "1"]
[SourceVersionDate "2021.10.24"]
[SourceQuality "1"]

1. e4 a6 2. d4 b5 3. a4 Bb7 4. Nf3 Bxe4 5. axb5 axb5 6. Rxa8 Bxa8 7. Bxb5 Nf6 8. 0-0 e6 9. Qe2 Be7 10. c3 0-0 11. Bf4 Bc6 12. Bxc6 Nxc6 13. b4 Qb8 14. b5 Na7 15. c4 d5 16. Nc3 Bb4 17. Na4 dxc4 18. Qxc4 Qxb5 19. Nb2 Nd5 20. Ra1 Qxc4 21. Nxc4 Nb5 22. Bd2 Bxd2 23. Nfxd2 Nxd4 0-1

[Event "SD-2019-0-00302"]
[Site "LSS email"]
[Date "2019.07.30"]
[Round "?"]
[White "Sofia, Gerardo"]
[Black "Lopez, Hector"]
[Result "1-0"]
[WhiteElo "1554"]
[BlackElo "1389"]
[PlyCount "111"]
[EventDate "2019.01.21"]
[EventType "tourn (corr)"]
[EventRounds "6"]
[EventCountry "GER"]
[SourceTitle "Corr 2022"]
[Source "ChessBase"]
[SourceDate "2021.10.24"]
[SourceVersion "1"]
[SourceVersionDate "2021.10.24"]
[SourceQuality "1"]

1. d4 Nf6 2. c4 e6 3. Nf3 d5 4. g3 c5 5. cxd5 exd5 6. Bg2 cxd4 7. Nxd4 Bc5 8. Bg5 h6 9. Bxf6 Qxf6 10. e3 Nc6 11. Nc3 Bxd4 12. exd4 Be6 13. 0-0 0-0-0 14. Rc1 Kb8 15. Ne2 Rhe8 16. h3 Bf5 17. Qd2 Be4 18. f3 Bf5 19. Kh2 a6 20. Rce1 Re7 21. Rd1 Rde8 22. Qf4+ Ka7 23. Nc3 g5 24. Qd2 Qd6 25. f4 gxf4 26. Qxf4 Qxf4 27. Rxf4 Be6 28. Rf6 Rh8 29. Nxd5 Bxd5 30. Bxd5 Re2+ 31. Kg1 Rg8 32. g4 Rxb2 33. Rxf7 Rg6 34. Bg2 Rd6 35. Rf2 Rxf2 36. Kxf2 Nxd4 37. Rd2 Rf6+ 38. Kg3 Rd6 39. Kf2 Rf6+ 40. Ke3 Nc6 41. Bxc6 bxc6 42. h4 Kb6 43. g5 hxg5 44. hxg5 Rf8 45. g6 c5 46. g7 Rg8 47. Rg2 Kb5 48. Kd3 Kb4 49. Rg4+ Ka3 50. Kc4 a5 51. Kxc5 a4 52. Kb5 Rb8+ 53. Kc6 Rg8 54. Kd6 Rxg7 55. Rxg7 Kxa2 56. Kc5 1-0

[Event "RD-2019-0-00155"]
[Site "LSS email"]
[Date "2019.07.04"]
[Round "?"]
[White "Lopez, Hector"]
[Black "Sofia, Gerardo"]
[Result "1/2-1/2"]
[WhiteElo "1389"]
[BlackElo "1570"]
[PlyCount "59"]
[EventDate "2019.03.27"]
[EventType "tourn (corr)"]
[EventRounds "6"]
[EventCountry "GER"]
[SourceTitle "Corr 2022"]
[Source "ChessBase"]
[SourceDate "2021.10.24"]
[SourceVersion "1"]
[SourceVersionDate "2021.10.24"]
[SourceQuality "1"]

1. d4 d5 2. c4 c6 3. Nf3 dxc4 4. e4 b5 5. b3 cxb3 6. a4 bxa4 7. Rxa4 Nf6 8. Bd3 Qb6 9. 0-0 Ba6 10. Bxa6 Nxa6 11. Ba3 e6 12. Bxf8 Kxf8 13. Nbd2 b2 14. Nc4 Qb5 15. Nd6 Qb6 16. Qc2 Rb8 17. Rb1 Qb3 18. Qxb3 Rxb3 19. Nd2 Rb4 20. Rxb4 Nxb4 21. Rxb2 a5 22. N6c4 Ke7 23. Nxa5 Ra8 24. Ndc4 Nd3 25. Rb3 Nc1 26. Rb7+ Kf8 27. f3 Ne2+ 28. Kf2 Nxd4 29. Ke3 e5 30. h4 1/2-1/2

[Event "RD-2019-0-00154"]
[Site "LSS email"]
[Date "2019.06.23"]
[Round "?"]
[White "Lopez, Hector"]
[Black "Perez, Fanta"]
[Result "1-0"]
[WhiteElo "1389"]
[BlackElo "1734"]
[PlyCount "59"]
[EventDate "2019.03.17"]
[EventType "tourn (corr)"]
[EventRounds "6"]
[EventCountry "GER"]
[SourceTitle "Corr 2022"]
[Source "ChessBase"]
[SourceDate "2021.10.24"]
[SourceVersion "1"]
[SourceVersionDate "2021.10.24"]
[SourceQuality "1"]

1. d4 Nf6 2. c4 e6 3. Nc3 d5 4. Bg5 Nbd7 5. cxd5 exd5 6. e3 c6 7. Bd3 Bd6 8. Nf3 0-0 9. 0-0 h6 10. Bh4 Re8 11. Qc2 Nf8 12. h3 g5 13. Bg3 Bxg3 14. fxg3 Rxe3 15. g4 Re8 16. Ne5 Be6 17. Qf2 N8d7 18. Nxd7 Nxd7 19. Rae1 Re7 20. Ne2 Qc7 21. Ng3 Qd6 22. Nh5 b6 23. Re3 Kh8 24. Nf6 Kg7 25. Nxd7 Bxd7 26. Rf3 f5 27. Bxf5 Rae8 28. Bb1 Qe6 29. Rf6 Qe3 30. Qxe3 1-0

[Event "RD-2019-0-00154"]
[Site "LSS email"]
[Date "2019.06.23"]
[Round "?"]
[White "Lopez, Hector"]
[Black "Schleef, Harald"]
[Result "1/2-1/2"]
[WhiteElo "1389"]
[BlackElo "1200"]
[PlyCount "43"]
[EventDate "2019.03.17"]
[EventType "tourn (corr)"]
[EventRounds "6"]
[EventCountry "GER"]
[SourceTitle "Corr 2022"]
[Source "ChessBase"]
[SourceDate "2021.10.24"]
[SourceVersion "1"]
[SourceVersionDate "2021.10.24"]
[SourceQuality "1"]

1. c4 e6 2. Nf3 Nf6 3. g3 d5 4. Bg2 dxc4 5. Qa4+ Nbd7 6. Qxc4 c5 7. d3 Bd6 8. 0-0 0-0 9. Qb3 Rb8 10. a4 b6 11. Na3 a6 12. Nc4 Bc7 13. Bd2 Bb7 14. Qa3 b5 15. Ne3 b4 16. Qb3 Ne8 17. Rac1 Nd6 18. Qc2 b3 19. Qc3 Bc6 20. Rfe1 h6 21. Nc4 Bxa4 22. Ra1 1/2-1/2

[Event "SD-2018-0-00285"]
[Site "LSS email"]
[Date "2018.02.12"]
[Round "?"]
[White "Pech, Jaroslav Sr"]
[Black "Lopez, Hector"]
[Result "1-0"]
[WhiteElo "1637"]
[BlackElo "1443"]
[PlyCount "39"]
[EventDate "2017.10.21"]
[EventType "tourn (corr)"]
[EventRounds "6"]
[EventCountry "GER"]
[SourceTitle "Corr 2022"]
[Source "ChessBase"]
[SourceDate "2021.10.24"]
[SourceVersion "1"]
[SourceVersionDate "2021.10.24"]
[SourceQuality "1"]

1. d4 Nf6 2. c4 e6 3. Nc3 Bb4 4. e3 0-0 5. Bd3 c5 6. Nf3 d5 7. 0-0 Nc6 8. a3 Bxc3 9. bxc3 Na5 10. cxd5 c4 11. Bc2 exd5 12. Nd2 a6 13. f3 b5 14. e4 Bb7 15. e5 Nd7 16. f4 Qe7 17. a4 h6 18. Ba3 Qe6 19. f5 Qb6 20. f6 1-0

[Event "SD-2018-0-00285"]
[Site "LSS email"]
[Date "2018.02.05"]
[Round "?"]
[White "Edel, Kevin"]
[Black "Lopez, Hector"]
[Result "0-1"]
[WhiteElo "1393"]
[BlackElo "1443"]
[PlyCount "22"]
[EventDate "2017.10.21"]
[EventType "tourn (corr)"]
[EventRounds "6"]
[EventCountry "GER"]
[SourceTitle "Corr 2022"]
[Source "ChessBase"]
[SourceDate "2021.10.24"]
[SourceVersion "1"]
[SourceVersionDate "2021.10.24"]
[SourceQuality "1"]

1. d4 d5 2. Nf3 Nf6 3. e3 e6 4. Bd3 c5 5. c3 Be7 6. 0-0 0-0 7. Nbd2 b6 8. Qe2 Nc6 9. Ne5 Nxe5 10. dxe5 Nd7 11. f4 c4 0-1

[Event "CP-2017-P-00033"]
[Site "LSS email"]
[Date "2017.09.27"]
[Round "?"]
[White "Hoeppenstein, Michael"]
[Black "Lopez, Hector"]
[Result "1-0"]
[WhiteElo "2421"]
[BlackElo "1443"]
[PlyCount "59"]
[EventDate "2017.10.01"]
[EventType "tourn (corr)"]
[EventRounds "6"]
[EventCountry "GER"]
[SourceTitle "Corr 2022"]
[Source "ChessBase"]
[SourceDate "2021.10.24"]
[SourceVersion "1"]
[SourceVersionDate "2021.10.24"]
[SourceQuality "1"]

1. d4 Nf6 2. c4 e6 3. Nf3 d5 4. Nc3 Be7 5. Bg5 h6 6. Bh4 0-0 7. e3 b6 8. Be2 Bb7 9. Bxf6 Bxf6 10. cxd5 exd5 11. b4 c6 12. 0-0 Qd6 13. Qb3 Nd7 14. e4 Be7 15. a3 a5 16. e5 Qe6 17. h3 b5 18. Bd3 axb4 19. axb4 Rfb8 20. Ne2 Nf8 21. Nf4 Qc8 22. Rae1 Qd8 23. e6 Bd6 24. exf7+ Kxf7 25. Ne5+ Kg8 26. Bb1 Qh4 27. Nfg6 Nxg6 28. Nxg6 Qxd4 29. Re6 Bxb4 30. Qc2 1-0

[Event "CP-2017-P-00033"]
[Site "LSS email"]
[Date "2017.09.27"]
[Round "?"]
[White "Lopez, Hector"]
[Black "Zerbinati, Marco"]
[Result "1-0"]
[WhiteElo "1443"]
[BlackElo "800"]
[PlyCount "21"]
[EventDate "2017.10.01"]
[EventType "tourn (corr)"]
[EventRounds "6"]
[EventCountry "GER"]
[SourceTitle "Corr 2022"]
[Source "ChessBase"]
[SourceDate "2021.10.24"]
[SourceVersion "1"]
[SourceVersionDate "2021.10.24"]
[SourceQuality "1"]

1. b3 e5 2. Bb2 Nc6 3. e3 Nf6 4. Nf3 e4 5. Nd4 Nxd4 6. Bxd4 Be7 7. c4 0-0 8. Qc2 Re8 9. Nc3 c5 10. Be5 d6 11. Bg3 1-0

[Event "SC-2016-0-00292"]
[Site "LSS email"]
[Date "2016.06.20"]
[Round "?"]
[White "Herzog, Agnes"]
[Black "Lopez, Hector"]
[Result "1/2-1/2"]
[WhiteElo "1718"]
[BlackElo "1536"]
[PlyCount "38"]
[EventDate "2016.04.25"]
[EventType "tourn (corr)"]
[EventRounds "6"]
[EventCountry "GER"]
[SourceTitle "Corr 2022"]
[Source "ChessBase"]
[SourceDate "2021.10.24"]
[SourceVersion "1"]
[SourceVersionDate "2021.10.24"]
[SourceQuality "1"]

1. e4 e6 2. d4 d5 3. Nc3 Nf6 4. Bg5 Be7 5. e5 Nfd7 6. h4 h6 7. Bxe7 Qxe7 8. f4 a6 9. Qg4 0-0 10. 0-0-0 c5 11. Nf3 b5 12. Rh3 f6 13. Rg3 fxe5 14. dxe5 Qf7 15. Kb1 b4 16. Nxd5 exd5 17. e6 Qe7 18. exd7 Nxd7 19. Qg6 Rf6 1/2-1/2

[Event "CP-2014-P-00061"]
[Site "LSS email"]
[Date "2014.09.30"]
[Round "?"]
[White "Lopez, Hector"]
[Black "Harney, Thomas"]
[Result "0-1"]
[WhiteElo "1890"]
[BlackElo "2251"]
[PlyCount "44"]
[EventDate "2014.10.01"]
[EventType "tourn (corr)"]
[EventRounds "6"]
[EventCountry "GER"]
[SourceTitle "Corr 2022"]
[Source "ChessBase"]
[SourceDate "2021.10.24"]
[SourceVersion "1"]
[SourceVersionDate "2021.10.24"]
[SourceQuality "1"]

1. d4 Nf6 2. c4 e6 3. Nc3 Bb4 4. Qb3 c5 5. e3 0-0 6. Nf3 b6 7. Be2 Ne4 8. Bd2 Nxd2 9. Nxd2 Bb7 10. 0-0 Nc6 11. Nf3 Na5 12. Qc2 cxd4 13. exd4 Rc8 14. Qd3 Nxc4 15. a3 Nxb2 16. Qc2 Bxc3 17. Rab1 Bxd4 18. Qd2 Bxf3 19. Bxf3 Qf6 20. h3 Rc5 21. Rfc1 d5 22. Rxc5 bxc5 0-1